| 000 | 00434nab a2200145Ia 4500 | ||
|---|---|---|---|
| 003 | ES-SlBCS | ||
| 005 | 20210601144904.0 | ||
| 008 | 140529s1992 xxu||||| |||| 00| 0 spa d | ||
| 041 | _aspa | ||
| 100 | 1 |
_aGómez-Arzapalo, Francisco _9306114 |
|
| 245 | 0 | 0 |
_aAcerca del fundamento _c Francisco Gómez-Arzapalo |
| 650 | 0 | 4 |
_aFundamento _9159075 |
| 773 | 0 |
_tRevista de Filosofia _gvol. 24, nº. 73, 1992, págs. 32-38 _wRev693 |
|
| 942 | _cAR | ||
| 999 |
_c715956 _d715956 |
||